000 02293nam0a22003731 4500
001 rc\1081574
005 20260405060738.0
035 _a(NLR Aleph) 006329844
090 _a7533554
_c7533554
100 _a20041126d1983 |||y0rusy50 ca
101 0 _arus
102 _aRU
105 _ay |||||||||
200 1 _aПрощай, брат
_eРассказы
_e[Пер. с англ.]
_fДж. Чивер
_g[Послесл. П.В. Балдицына]
210 _aЛ.
_cЛениздат
_d1983
215 _a368 с.
_d20
225 1 _aБиблиотека молодого рабочего
327 0 _aСодерж.: Прощай, брат; Я еду в Азию; Прелести одиночества; Происшествие на Саттон-Плейс; Чудовищное радио; Искушение Эммы Бойнтон; О, Молодость и Красота!; Национальное развлечение; Пять сорок восемь; День, когда свинья упала в колодец, и др. рассказы
464 0 _12001#$aПрощай, брат
_tПрощай, брат
464 0 _12001#$aЯ еду в Азию
_tЯ еду в Азию
464 0 _12001#$aПрелести одиночества
_tПрелести одиночества
464 0 _12001#$aПроисшествие на Саттон-Плейс
_tПроисшествие на Саттон-Плейс
464 0 _12001#$aЧудовищное радио
_tЧудовищное радио
464 0 _12001#$aИскушение Эммы Бойнтон
_tИскушение Эммы Бойнтон
464 0 _12001#$aО, Молодость и Красота!
_tО, Молодость и Красота!
464 0 _12001#$aНациональное развлечение
_tНациональное развлечение
464 0 _12001#$aПять сорок восемь
_tПять сорок восемь
464 0 _12001#$aДень, когда свинья упала в колодец
_tДень, когда свинья упала в колодец
700 1 _8rus
_7ca
_aЧивер
_bД.
_f1912-1982
_gДжон
_3RU\NLR\auth\7719966
_93035
801 0 _aRU
_bNLR
_gpsbo
801 1 _aRU
_bELAR
_2rusmarc
852 _aNLR
_j83-3/12043
942 _cBOOK
980 _aNB